HETEROCYCLIC CHEMISTRY (Record no. 9272)

MARC details
000 -LEADER
fixed length control field 00697nam a22001697a 4500
003 - CONTROL NUMBER IDENTIFIER
control field SGT
020 ## - INTERNATIONAL STANDARD BOOK NUMBER
International Standard Book Number 9788131707937
082 ## - DEWEY DECIMAL CLASSIFICATION NUMBER
Classification number 547.59
100 ## - MAIN ENTRY--PERSONAL NAME
Personal name GILCHRIST L. THOMAS
245 ## - TITLE STATEMENT
Title HETEROCYCLIC CHEMISTRY
250 ## - EDITION STATEMENT
Edition statement 3RD
260 ## - PUBLICATION, DISTRIBUTION, ETC. (IMPRINT)
Place of publication, distribution, etc NEW DELHI
Name of publisher, distributor, etc PEARSON
Year of Publication 2013
300 ## - PAGE DESCRIPTION
No. of Pages 414
650 ## - SUBJECT ADDED ENTRY--TOPICAL TERM
Topical term or geographic name as entry element ORGANIC CHEMISTRY
653 ## - KEYWORDS--INDEX TERM
Keyword term Introduction, Aromatic Heterocycles, Nonaromatic Heterocycles, Methods of Ring Synthesis, Six-membered Rings, Five-membered Rings with One Heteroatom, Six-membered Rings with Two or More Heteroatoms, Five-membered Rings with Two or More Heteroatoms, Three and Four Membered Rings, Seven and Larger Membered Ring Compounds, Nomenclature
942 ## - ADDED ENTRY ELEMENTS (KOHA)
Source of classification or shelving scheme Dewey Decimal Classification
Koha item type FPS Books
942 ## - ADDED ENTRY ELEMENTS (KOHA)
-- 5
Holdings
Withdrawn status Lost status Source of classification or shelving scheme Damaged status Not for loan Home library Current library Shelving location Date acquired Vendor Name Cost, normal purchase price SGTU Bill Number Full call number Accession No. (Barcode) Date last seen Bill Date Koha item type Total Checkouts Date last borrowed
    Dewey Decimal Classification   Not For Loan SGT Science & Social Sciences Library SGT Science & Social Sciences Library Reference Book 28/06/2016 KIRTI PRAKASHAN 650.00 SGTU 2947 547.59 PS963 28/06/2016 19/09/2015 FPS Books    
    Dewey Decimal Classification     SGT Science & Social Sciences Library SGT Science & Social Sciences Library Text Book 28/06/2016 KIRTI PRAKASHAN 650.00 SGTU 2947 547.59 PS964 24/12/2025 19/09/2015 FPS Books 13 04/08/2025